Las remesas de los migrantes latinoamericanos y caribeños en los Estados Unidos /
En este artículo se analizan las características sociodemográficas y económicas de los migrantes latinoamericanos y caribeños que envían remesas desde los Estados Unidos a sus países de origen. El análisis se basa en los datos de la encuesta nacional de latinos 2002 y se realiza mediante técnicas de...
Guardado en:
| Hovedforfatter: | |
|---|---|
| Format: | Texto |
| Fag: | |
| Tags: |
Tilføj Tag
Ingen Tags, Vær først til at tagge denne postø!
|
MARC
| LEADER | 00000 a a2200000 04500 | ||
|---|---|---|---|
| 001 | 40436 | ||
| 003 | |||
| 040 | |||
| 100 | |a Lozano Ascencio, Fernando | ||
| 245 | |a Las remesas de los migrantes latinoamericanos y caribeños en los Estados Unidos / |c Fernando Lozano Ascencio | ||
| 500 | |a flozano@correo.crim.unam.mx | ||
| 520 | |a En este artículo se analizan las características sociodemográficas y económicas de los migrantes latinoamericanos y caribeños que envían remesas desde los Estados Unidos a sus países de origen. El análisis se basa en los datos de la encuesta nacional de latinos 2002 y se realiza mediante técnicas de regresión logística. Las características individuales, la habilidad financiera para hacer envíos, las obligaciones familiares en el hogar y en el país de destino y los vínculos del migrante con su país de origen tienen repercusiones en el envío de estos recursos. | ||
| 590 | |a RRA/FEBRERO2011 | ||
| 650 | |a 1.MIGRANTES | ||
| 650 | |a 2.REMESAS | ||
| 650 | |a 3.ESTADOS UNIDOS | ||
| 650 | |a 4.AMERICA LATINA | ||
| 650 | |a 5.CONDICIONES SOCIALES | ||
| 650 | |a 6.CONDICIONES ECONOMICAS | ||
| 773 | |g volumen35, número86 ( , 2009), páginas 39-60 : tablas, gráficos | ||
| 999 | |c 29890 |d 29890 | ||
